• 首页
  • 本馆介绍
  • 公告通知
  • 最新文献
  • 馆藏检索
  • 电子资源
  • 读者导购
  • 参考咨询
  • 我的图书馆
  • 登录
  • 详细信息显示
  • 放入我的书架
  • 预约/预借图书
  • 作者相关作品
  • 分类相关作品
  • 丛书相关作品
  • 出版社相关作品

书目信息

  • 表格格式
  • 工作单格式
  • 卡片格式
题名:
低碳产业集群协同创新网络形成机理与运行机制研究
    
 
作者: 刘运材 著
分册:  
出版信息: 北京   光明日报出版社  2019.01
页数: 227页
开本: 24cm
丛书名: 光明社科文库
单 册:
中图分类: F269.23
科图分类:
主题词: 低碳经济--di tan jing ji--产业集群--技术创新机制--研究--中国
电子资源:
ISBN: 978-7-5194-4622-2
000 01340nam0 2200289 450
001 2334819519
005 20231124094032.78
010    @a978-7-5194-4622-2@dCNY58.00
100    @a20190124d2019 em y0chiy50 ea
101 0  @achi
102    @aCN@b110000
105    @aak a 000yy
106    @ar
200 1  @a低碳产业集群协同创新网络形成机理与运行机制研究@Adi tan chan ye ji qun xie tong chuang xin wang luo xing cheng ji li yu yun xing ji zhi yan jiu@f刘运材著
210    @a北京@c光明日报出版社@d2019.01
215    @a227页@c图@d24cm
225 2  @a光明社科文库@Aguang ming she ke wen ku
300    @a光明版 湖南省自然科学基金: 区域低碳产业协同创新体系形成机理及引导模式研究 (项目编号: 2015JJ2048)
314    @a刘运材, 副教授, 经济学硕士, 在读博士。
320    @a有书目 (第208-224页)
330    @a本书在前人研究的基础上, 以低碳产业集群为研究对象, 研究集群创新的协同机理, 以协同论视角从微观和中观层面构建低碳产业集群的协同创新网络, 运用博弈论的方法, 探讨集群协同创新网络中各行为主体的互动与创新绩效的关系, 分析不同的协同网络对创新绩效的作用机理, 从而进一步丰富低碳产业集群创新理论的研究内容。
410  0 @12001 @a光明社科文库
606 0  @a低碳经济@Adi tan jing ji@x产业集群@x技术创新机制@x研究@y中国
690    @aF269.23@v5
701  0 @a刘运材@Aliu yun cai@4著
801    @aCN@b山东中教@c20231121
905    @aBZT@dF269.23@e1
    
    低碳产业集群协同创新网络形成机理与运行机制研究/刘运材著.-北京:光明日报出版社,2019.01
    227页:图;24cm.-(光明社科文库)
    光明版 湖南省自然科学基金: 区域低碳产业协同创新体系形成机理及引导模式研究 (项目编号: 2015JJ2048)
    
    ISBN 978-7-5194-4622-2:CNY58.00
    本书在前人研究的基础上, 以低碳产业集群为研究对象, 研究集群创新的协同机理, 以协同论视角从微观和中观层面构建低碳产业集群的协同创新网络, 运用博弈论的方法, 探讨集群协同创新网络中各行为主体的互动与创新绩效的关系, 分析不同的协同网络对创新绩效的作用机理, 从而进一步丰富低碳产业集群创新理论的研究内容。
●
相关链接 在五车中查询图书 在当当中查询图书 在豆瓣中查询图书


正题名:低碳产业集群协同创新网络形成机理与运行机制研究     索取号:F269.23/1         预约/预借

序号 登录号 条形码 馆藏地/架位号 状态 备注
1 2001042564   2001042564   中教第一批/山东中教(第一批)/560/ [索取号:F269.23/1] 在馆    
2 2001042565   2001042565   中教第一批/山东中教(第一批)/560/ [索取号:F269.23/1] 在馆    
3 2001042566   2001042566   中教第一批/山东中教(第一批)/560/ [索取号:F269.23/1] 在馆    
4 2001042567   2001042567   中教第一批/山东中教(第一批)/560/ [索取号:F269.23/1] 在馆    
5 2001042568   2001042568   中教第一批/山东中教(第一批)/560/ [索取号:F269.23/1] 在馆    
6 2001042569   2001042569   中教第一批/山东中教(第一批)/560/ [索取号:F269.23/1] 在馆    
山东省滨州职业学院图书馆 欢迎您!
大连网信软件有限公司© 版权所有